| 000 | 00929nam a2200301Ia 4500 | ||
|---|---|---|---|
| 003 | OSt | ||
| 005 | 20221007122847.0 | ||
| 006 | a|||||r|||| 00| 0 | ||
| 007 | ta | ||
| 008 | 221006b |||||||| |||| 00| 0 eng d | ||
| 020 | _a9783319011066 (pbk) | ||
| 024 | _a190282 | ||
| 037 |
_b2424, 21/03/2014, Ashutosh Technical Books _cTextual |
||
| 040 |
_aPAPL _cPAPL _beng |
||
| 041 |
_2eng _aeng |
||
| 082 | _aCN, Q3 Carpa | ||
| 100 |
_aFaraoni Valerio _9715470 |
||
| 245 | 0 | _aSpecial relativity | |
| 260 |
_aNew _byork Springer _c2013 |
||
| 300 |
_axviii,304p. _ccm. |
||
| 490 | _aUndergraduate lecture notes in physics | ||
| 500 | _aAppendix 243-300p.; Index 301-303p. | ||
| 650 |
_a Modern physics _9715172 |
||
| 650 |
_a Relativity _9713529 |
||
| 650 | _aPhysics | ||
| 942 |
_hCN, Q3 Carpa _cTEXL _2CC |
||
| 999 |
_c1211039 _d1211039 |
||